[Event "dgcs"]
[Site "Ostrow Wielkopolski"]
[Date "2019.10.04"]
[Round "1.2"]
[White "Bobrowski, Piotr"]
[Black "Jedynak, Radoslaw"]
[Result "0-1"]
[BlackElo "2382"]
[WhiteElo "1905"]
[LiveChessVersion "1.4.8"]

1. c4 {[%clk 0:10:04]} e6 {[%clk 0:10:00]} 2. Nc3 {[%clk 0:10:05]} d5
{[%clk 0:10:02]} 3. d4 {[%clk 0:10:00]} Nf6 {[%clk 0:10:01]} 4. e3
{[%clk 0:10:02]} Be7 {[%clk 0:09:51]} 5. Bd2 {[%clk 0:09:56]} O-O
{[%clk 0:09:52]} 6. Nf3 {[%clk 0:09:41]} Nbd7 {[%clk 0:09:48]} 7. c5
{[%clk 0:09:43]} c6 {[%clk 0:09:24]} 8. b4 {[%clk 0:09:44]} a6 {[%clk 0:08:26]}
9. Bd3 {[%clk 0:09:44]} e5 {[%clk 0:07:46]} 10. Nxe5 {[%clk 0:09:15]} Nxe5
{[%clk 0:07:48]} 11. dxe5 {[%clk 0:09:16]} Ng4 {[%clk 0:07:49]} 12. f4
{[%clk 0:09:15]} d4 {[%clk 0:07:26]} 13. Ne4 {[%clk 0:07:49]} dxe3
{[%clk 0:07:16]} 14. Bc3 {[%clk 0:07:39]} Bf5 {[%clk 0:06:08]} 15. O-O
{[%clk 0:06:52]} Nf2 {[%clk 0:05:54]} 16. Rxf2 {[%clk 0:06:18]} exf2+
{[%clk 0:05:55]} 17. Kxf2 {[%clk 0:06:20]} Bxe4 {[%clk 0:05:40]} 18. Bxe4
{[%clk 0:06:20]} Qxd1 {[%clk 0:05:07]} 19. Rxd1 {[%clk 0:06:22]} Rfd8
{[%clk 0:05:09]} 20. Re1 {[%clk 0:06:05]} a5 {[%clk 0:05:10]} 21. a3
{[%clk 0:05:58]} axb4 {[%clk 0:05:12]} 22. axb4 {[%clk 0:05:50]} Ra3
{[%clk 0:05:13]} 23. Re3 {[%clk 0:05:48]} f6 {[%clk 0:03:41]} 24. e6
{[%clk 0:05:20]} f5 {[%clk 0:03:43]} 25. Bxf5 {[%clk 0:05:15]} Rf8
{[%clk 0:03:44]} 26. Be4 {[%clk 0:03:16]} Rxf4+ {[%clk 0:03:45]} 27. Kg3
{[%clk 0:03:17]} Rxe4 {[%clk 0:03:33]} 28. Rxe4 {[%clk 0:03:09]} Rxc3+
{[%clk 0:03:34]} 29. Kf4 {[%clk 0:03:08]} Rd3 {[%clk 0:03:22]} 30. Kg4
{[%clk 0:02:51]} Kf8 {[%clk 0:03:14]} 31. Rf4+ {[%clk 0:02:50]} Bf6
{[%clk 0:03:16]} 32. Kf5 {[%clk 0:02:39]} Ke7 {[%clk 0:03:14]} 33. g4
{[%clk 0:02:36]} g6+ {[%clk 0:03:12]} 34. Ke4 {[%clk 0:02:35]} Rd4+ 0-1

[Event "dgcs"]
[Site "Ostrow Wielkopolski"]
[Date "2019.10.04"]
[Round "1.4"]
[White "Czyz, Andrzej"]
[Black "Przybylski, Wojciech"]
[Result "0-1"]
[BlackElo "2286"]
[WhiteElo "1773"]
[LiveChessVersion "1.4.8"]

1. b4 {[%clk 0:09:52]} e5 {[%clk 0:09:41]} 2. Bb2 {[%clk 0:09:54]} d6
{[%clk 0:09:17]} 3. e3 {[%clk 0:09:50]} Nf6 {[%clk 0:09:15]} 4. c4
{[%clk 0:09:49]} Be6 {[%clk 0:09:06]} 5. Be2 {[%clk 0:09:45]} Nbd7
{[%clk 0:09:05]} 6. Nf3 {[%clk 0:09:41]} Be7 {[%clk 0:08:59]} 7. O-O
{[%clk 0:09:41]} h6 {[%clk 0:08:51]} 8. d3 {[%clk 0:09:32]} O-O {[%clk 0:08:49]}
9. Nbd2 {[%clk 0:09:32]} c6 {[%clk 0:08:42]} 10. Qc2 {[%clk 0:09:31]} Qc7
{[%clk 0:08:34]} 11. Rac1 {[%clk 0:09:32]} Rfe8 {[%clk 0:08:25]} 12. Rfd1
{[%clk 0:09:34]} Bf8 {[%clk 0:08:18]} 13. a4 {[%clk 0:09:24]} Rac8
{[%clk 0:07:48]} 14. Ne1 {[%clk 0:08:57]} Qb8 {[%clk 0:07:25]} 15. Bf3
{[%clk 0:08:49]} d5 {[%clk 0:07:19]} 16. Qb3 {[%clk 0:08:13]} b5 {[%clk 0:06:24]}
17. axb5 {[%clk 0:07:38]} dxc4 {[%clk 0:06:22]} 18. dxc4 {[%clk 0:07:27]} cxb5
{[%clk 0:06:22]} 19. Bc3 {[%clk 0:06:38]} Nb6 {[%clk 0:05:38]} 20. Qb2
{[%clk 0:06:19]} Na4 {[%clk 0:05:34]} 21. Qa3 {[%clk 0:06:10]} Nxc3 22. Rxc3
{[%clk 0:05:40]} bxc4 {[%clk 0:04:52]} 23. Nc2 {[%clk 0:05:34]} Red8
{[%clk 0:04:18]} 24. Qb2 {[%clk 0:04:48]} e4 {[%clk 0:03:32]} 25. Be2
{[%clk 0:04:49]} Ng4 {[%clk 0:03:26]} 26. g3 {[%clk 0:04:43]} Ne5
{[%clk 0:03:25]} 27. Nxe4 {[%clk 0:04:32]} Qb7 {[%clk 0:03:02]} 28. Rd4
{[%clk 0:03:26]} Rxd4 {[%clk 0:02:51]} 29. exd4 {[%clk 0:03:27]} Qxe4
{[%clk 0:02:50]} 30. Re3 {[%clk 0:03:26]} c3 {[%clk 0:02:13]} 31. Qc1
{[%clk 0:03:12]} Qc6 {[%clk 0:01:46]} 32. dxe5 {[%clk 0:03:12]} Bd5
{[%clk 0:01:40]} 33. Nd4 {[%clk 0:03:14]} Qb6 {[%clk 0:01:41]} 34. Nf5
{[%clk 0:03:02]} Qxb4 {[%clk 0:01:39]} 35. Nd6 {[%clk 0:02:56]} Rc7
{[%clk 0:01:36]} 36. Nb5 {[%clk 0:02:26]} Qb2 {[%clk 0:01:37]} 37. Rxc3
{[%clk 0:02:22]} Qxc1+ {[%clk 0:01:38]} 38. Rxc1 {[%clk 0:02:17]} Rxc1+
{[%clk 0:01:39]} 0-1

[Event "dgcs"]
[Site "Ostrow Wielkopolski"]
[Date "2019.10.04"]
[Round "1.5"]
[White "Janaszak, Dawid"]
[Black "Pieczewski, Szymon"]
[Result "0-1"]
[BlackElo "1744"]
[WhiteElo "2256"]
[LiveChessVersion "1.4.8"]

1. e4 {[%clk 0:10:04]} Nf6 {[%clk 0:10:05]} 2. Nc3 {[%clk 0:10:01]} d5
{[%clk 0:10:07]} 3. e5 {[%clk 0:10:02]} Ne4 {[%clk 0:10:07]} 4. Nce2
{[%clk 0:09:36]} Nc5 {[%clk 0:10:02]} 5. d4 {[%clk 0:09:33]} Ne6 {[%clk 0:10:01]}
6. Nf3 {[%clk 0:09:23]} c5 {[%clk 0:10:02]} 7. c3 {[%clk 0:09:23]} Nc6
{[%clk 0:10:04]} 8. g3 {[%clk 0:09:15]} Nc7 {[%clk 0:10:05]} 9. Bg2
{[%clk 0:09:12]} e6 {[%clk 0:10:02]} 10. O-O {[%clk 0:09:11]} Be7
{[%clk 0:10:04]} 11. dxc5 Bxc5 {[%clk 0:10:05]} 12. b4 {[%clk 0:09:03]} Be7
{[%clk 0:10:04]} 13. a4 {[%clk 0:08:44]} O-O {[%clk 0:10:04]} 14. Nf4
{[%clk 0:08:34]} a6 {[%clk 0:09:40]} 15. Nh5 {[%clk 0:08:28]} Ne8
{[%clk 0:09:33]} 16. Be3 {[%clk 0:08:21]} Qc7 {[%clk 0:09:33]} 17. Bf4
{[%clk 0:07:23]} b6 {[%clk 0:09:22]} 18. Re1 {[%clk 0:07:13]} Qd7
{[%clk 0:09:10]} 19. Rb1 {[%clk 0:06:05]} Bb7 {[%clk 0:09:03]} 20. Bf1
{[%clk 0:05:44]} Na7 {[%clk 0:08:56]} 21. Nd4 {[%clk 0:05:35]} Rc8
{[%clk 0:08:52]} 22. Qb3 {[%clk 0:05:29]} g6 {[%clk 0:08:37]} 23. Bh6
{[%clk 0:04:53]} gxh5 {[%clk 0:08:35]} 24. Bxf8 {[%clk 0:04:53]} Bxf8
{[%clk 0:08:37]} 25. b5 {[%clk 0:04:43]} a5 {[%clk 0:08:23]} 26. Rbc1
{[%clk 0:04:33]} Ng7 {[%clk 0:08:14]} 27. Bd3 {[%clk 0:04:27]} Rc7
{[%clk 0:07:21]} 28. Qc2 {[%clk 0:04:26]} Nc8 {[%clk 0:07:22]} 29. Bxh7+
{[%clk 0:04:25]} Kh8 {[%clk 0:07:25]} 30. Bd3 {[%clk 0:04:15]} Ne7
{[%clk 0:07:27]} 31. Qd2 {[%clk 0:04:14]} Ng6 {[%clk 0:07:19]} 32. Bxg6
{[%clk 0:03:53]} fxg6 {[%clk 0:07:20]} 33. Qh6+ {[%clk 0:03:53]} Kg8
{[%clk 0:07:20]} 34. Qxg6 {[%clk 0:03:51]} Qf7 {[%clk 0:07:20]} 35. Qg5
{[%clk 0:03:46]} Be7 {[%clk 0:07:13]} 36. Qh6 {[%clk 0:03:38]} Rc4
{[%clk 0:06:55]} 37. Re3 {[%clk 0:03:33]} Ba3 {[%clk 0:05:12]} 38. Rc2
{[%clk 0:02:50]} Bc5 {[%clk 0:05:13]} 39. Rf3 {[%clk 0:02:51]} Qe7
{[%clk 0:05:15]} 40. Nb3 {[%clk 0:02:24]} d4 {[%clk 0:05:09]} 41. Rf6
{[%clk 0:02:00]} Rxc3 {[%clk 0:05:02]} 42. Rxc3 {[%clk 0:01:46]} dxc3
{[%clk 0:05:03]} 43. Qc1 {[%clk 0:01:39]} Bb4 {[%clk 0:04:58]} 44. Nd4
{[%clk 0:01:36]} Bd5 {[%clk 0:04:56]} 45. Qc2 {[%clk 0:01:29]} Qc7
{[%clk 0:04:18]} 46. Nc6 {[%clk 0:00:56]} Bxc6 {[%clk 0:04:17]} 47. bxc6
{[%clk 0:00:57]} Qxc6 {[%clk 0:04:19]} 48. Rh6 {[%clk 0:00:58]} Nf5
{[%clk 0:03:44]} 49. Qxf5 {[%clk 0:01:00]} exf5 {[%clk 0:03:43]} 50. Rxc6
{[%clk 0:01:02]} Bc5 {[%clk 0:03:42]} 51. Rc8+ {[%clk 0:00:19]} Kf7
{[%clk 0:03:44]} 52. e6+ {[%clk 0:00:21]} Ke7 {[%clk 0:03:33]} 53. Rc7+
{[%clk 0:00:18]} Kxe6 {[%clk 0:03:33]} 54. Rc8 {[%clk 0:00:17]} Kd7
{[%clk 0:03:26]} 55. Rh8 {[%clk 0:00:13]} c2 {[%clk 0:03:26]} 56. Rxh5
{[%clk 0:00:13]} c1=Q+ {[%clk 0:03:26]} 57. Kg2 {[%clk 0:00:14]} Ke6
{[%clk 0:03:19]} 58. Rh4 {[%clk 0:00:15]} Qc2 {[%clk 0:03:05]} 59. Rf4
{[%clk 0:00:16]} Ke5 {[%clk 0:03:01]} 60. h4 {[%clk 0:00:17]} Be3
{[%clk 0:02:45]} 61. Rf3 {[%clk 0:00:19]} Bh6 {[%clk 0:02:45]} 62. h5
{[%clk 0:00:18]} Qxa4 0-1

[Event "dgcs"]
[Site "Ostrow Wielkopolski"]
[Date "2019.10.04"]
[Round "1.6"]
[White "Golinski, Kacper"]
[Black "Dudzinski, Pawel"]
[Result "0-1"]
[BlackElo "2188"]
[WhiteElo "1680"]
[LiveChessVersion "1.4.8"]

1. e4 {[%clk 0:10:03]} c6 {[%clk 0:10:06]} 2. d4 {[%clk 0:10:03]} d5
{[%clk 0:10:08]} 3. e5 {[%clk 0:10:04]} c5 {[%clk 0:10:10]} 4. c3
{[%clk 0:10:05]} Nc6 {[%clk 0:10:12]} 5. Be3 {[%clk 0:09:44]} Nh6
{[%clk 0:10:04]} 6. Nf3 {[%clk 0:09:04]} Bg4 {[%clk 0:10:00]} 7. Be2
{[%clk 0:09:01]} Nf5 {[%clk 0:09:46]} 8. h3 {[%clk 0:08:41]} Bxf3
{[%clk 0:09:45]} 9. Bxf3 {[%clk 0:08:42]} e6 {[%clk 0:09:42]} 10. g4
{[%clk 0:08:11]} cxd4 {[%clk 0:09:22]} 11. cxd4 {[%clk 0:06:46]} Nxe3
{[%clk 0:09:23]} 12. fxe3 {[%clk 0:06:47]} Bb4+ {[%clk 0:09:16]} 0-1

[Event "dgcs"]
[Site "Ostrow Wielkopolski"]
[Date "2019.10.04"]
[Round "2.1"]
[White "Krzywda, Andrzej"]
[Black "Plichta, Kamil"]
[Result "1-0"]
[BlackElo "2409"]
[WhiteElo "2067"]
[LiveChessVersion "1.4.8"]

1. d4 {[%clk 0:10:05]} Nf6 {[%clk 0:10:05]} 2. c4 {[%clk 0:10:06]} g6
{[%clk 0:10:06]} 3. Nf3 {[%clk 0:10:08]} Bg7 {[%clk 0:10:08]} 4. g3
{[%clk 0:10:09]} O-O {[%clk 0:10:09]} 5. Bg2 {[%clk 0:10:11]} d6 {[%clk 0:10:10]}
6. O-O {[%clk 0:10:11]} Nbd7 {[%clk 0:10:11]} 7. Qc2 {[%clk 0:10:13]} e5
{[%clk 0:10:11]} 8. Rd1 {[%clk 0:10:14]} exd4 {[%clk 0:10:12]} 9. Nxd4
{[%clk 0:10:14]} Re8 {[%clk 0:10:03]} 10. b3 {[%clk 0:09:58]} c6 {[%clk 0:10:03]}
11. Nc3 {[%clk 0:09:46]} a5 {[%clk 0:09:56]} 12. Bf4 {[%clk 0:09:29]} Qe7
{[%clk 0:08:52]} 13. Qd2 {[%clk 0:08:03]} Bf8 {[%clk 0:07:16]} 14. Rac1
{[%clk 0:07:51]} Nc5 {[%clk 0:06:42]} 15. Nf3 {[%clk 0:06:00]} Nfe4
{[%clk 0:06:39]} 16. Nxe4 {[%clk 0:05:50]} Nxe4 {[%clk 0:06:41]} 17. Qe3
{[%clk 0:05:36]} a4 {[%clk 0:06:05]} 18. b4 {[%clk 0:05:17]} a3 {[%clk 0:05:22]}
19. Ng5 {[%clk 0:04:41]} Nxg5 {[%clk 0:05:19]} 20. Bxg5 {[%clk 0:04:42]} Qxe3
{[%clk 0:05:10]} 21. Bxe3 {[%clk 0:04:43]} Bf5 {[%clk 0:04:45]} 22. b5
{[%clk 0:04:16]} Be4 {[%clk 0:04:47]} 23. bxc6 {[%clk 0:04:04]} bxc6
{[%clk 0:04:25]} 24. Bxe4 {[%clk 0:03:17]} Rxe4 {[%clk 0:04:26]} 25. Rd3
{[%clk 0:02:58]} Ra4 {[%clk 0:04:12]} 26. Rcc3 {[%clk 0:02:52]} Rexc4
{[%clk 0:04:04]} 27. Rxc4 {[%clk 0:02:42]} Rxc4 {[%clk 0:04:05]} 28. Rxa3
{[%clk 0:02:44]} Kg7 {[%clk 0:03:49]} 29. Ra8 {[%clk 0:02:20]} d5
{[%clk 0:03:47]} 30. f3 {[%clk 0:02:07]} d4 {[%clk 0:03:14]} 31. Bh6+
{[%clk 0:02:03]} Kxh6 {[%clk 0:03:16]} 32. Rxf8 {[%clk 0:02:04]} Rc2
{[%clk 0:03:18]} 33. Rc8 {[%clk 0:01:24]} Rxa2 {[%clk 0:03:10]} 34. Rxc6
{[%clk 0:01:23]} Rxe2 {[%clk 0:03:11]} 35. Rd6 {[%clk 0:01:17]} Rd2
{[%clk 0:03:08]} 36. Rf6 {[%clk 0:00:59]} Kg7 {[%clk 0:03:09]} 37. Rd6
{[%clk 0:00:59]} Kf8 {[%clk 0:03:06]} 38. h4 {[%clk 0:00:52]} Ke7
{[%clk 0:03:08]} 39. Rd5 {[%clk 0:00:54]} Ke6 {[%clk 0:03:10]} 40. Rd8
{[%clk 0:00:56]} h5 {[%clk 0:03:00]} 41. Kf1 {[%clk 0:00:57]} f6 {[%clk 0:02:32]}
42. Ke1 {[%clk 0:00:49]} Rg2 {[%clk 0:02:34]} 43. Rxd4 {[%clk 0:00:49]} Rxg3
{[%clk 0:02:36]} 44. Kf2 {[%clk 0:00:47]} Kd5 {[%clk 0:10:03]} 1-0

[Event "dgcs"]
[Site "Ostrow Wielkopolski"]
[Date "2019.10.04"]
[Round "2.2"]
[White "Jedynak, Radoslaw"]
[Black "Andrejczuk, Beata"]
[Result "1-0"]
[BlackElo "1981"]
[WhiteElo "2382"]
[LiveChessVersion "1.4.8"]

1. d4 {[%clk 0:10:04]} Nf6 {[%clk 0:10:05]} 2. c4 {[%clk 0:10:06]} c5
{[%clk 0:10:06]} 3. d5 {[%clk 0:10:06]} b5 {[%clk 0:10:08]} 4. cxb5
{[%clk 0:10:08]} a6 {[%clk 0:10:10]} 5. b6 {[%clk 0:10:10]} Qxb6 {[%clk 0:10:11]}
6. Nc3 {[%clk 0:10:12]} g6 {[%clk 0:10:11]} 7. Nf3 {[%clk 0:10:13]} d6
{[%clk 0:10:12]} 8. e4 {[%clk 0:10:15]} Bg7 {[%clk 0:10:13]} 9. Nd2
{[%clk 0:10:16]} O-O {[%clk 0:10:12]} 10. a4 {[%clk 0:10:17]} Ng4
{[%clk 0:09:01]} 11. Be2 {[%clk 0:10:13]} h5 {[%clk 0:08:32]} 12. h3
{[%clk 0:10:10]} Nf6 {[%clk 0:08:27]} 13. g4 {[%clk 0:09:41]} h4 {[%clk 0:07:55]}
14. Nc4 {[%clk 0:08:18]} Qc7 {[%clk 0:07:31]} 15. Bg5 {[%clk 0:08:00]} Nbd7
{[%clk 0:06:54]} 16. Bxh4 {[%clk 0:07:30]} Nb6 {[%clk 0:06:38]} 17. O-O
{[%clk 0:06:38]} Rb8 {[%clk 0:06:17]} 18. Ne3 {[%clk 0:06:22]} Nbd7
{[%clk 0:05:27]} 19. Qc2 {[%clk 0:05:10]} Rb4 {[%clk 0:04:52]} 20. Bg3
{[%clk 0:04:43]} Nh7 {[%clk 0:03:53]} 21. Ra2 {[%clk 0:04:15]} Qb8
{[%clk 0:03:24]} 22. Nc4 {[%clk 0:04:07]} Nb6 {[%clk 0:03:13]} 23. Na5
{[%clk 0:03:56]} Bd7 {[%clk 0:03:07]} 24. Nc6 {[%clk 0:03:01]} Bxc6
{[%clk 0:03:07]} 25. dxc6 {[%clk 0:03:03]} Nc4 {[%clk 0:02:58]} 26. Nd5
{[%clk 0:02:49]} Ne5 {[%clk 0:01:49]} 27. Bxa6 {[%clk 0:01:35]} Nxc6
{[%clk 0:01:49]} 28. Bb5 {[%clk 0:01:32]} Nd4 {[%clk 0:01:42]} 29. Qd1
{[%clk 0:01:21]} Rb3 {[%clk 0:01:32]} 30. Nxe7+ {[%clk 0:01:21]} Kh8
{[%clk 0:01:35]} 31. Nc6 {[%clk 0:01:22]} Rxg3+ {[%clk 0:01:32]} 32. fxg3
{[%clk 0:01:21]} Nxb5 {[%clk 0:01:29]} 33. axb5 {[%clk 0:01:21]} Qxb5
{[%clk 0:01:30]} 34. Qxd6 Qe2 {[%clk 0:01:24]} 35. Ra3 {[%clk 0:01:13]} Qxe4
{[%clk 0:01:24]} 36. h4 {[%clk 0:00:48]} Rc8 {[%clk 0:01:14]} 37. Ra6
{[%clk 0:00:36]} Qe3+ {[%clk 0:01:01]} 38. Rf2 {[%clk 0:00:38]} Qe1+
{[%clk 0:01:02]} 39. Kg2 {[%clk 0:00:40]} Qe4+ {[%clk 0:00:58]} 40. Kh2
{[%clk 0:00:41]} Qe3 {[%clk 0:00:31]} 41. Qd2 {[%clk 0:00:35]} Qe4
{[%clk 0:00:31]} 42. Na7 {[%clk 0:00:28]} Rf8 {[%clk 0:00:30]} 43. Nb5
{[%clk 0:00:27]} Be5 {[%clk 0:00:30]} 44. Nd6 {[%clk 0:00:28]} Bxd6
{[%clk 0:00:24]} 45. Rxd6 {[%clk 0:00:30]} f5 {[%clk 0:00:22]} 46. g5
{[%clk 0:00:30]} Re8 {[%clk 0:00:23]} 47. Qc3+ {[%clk 0:00:27]} Kg8
{[%clk 0:00:22]} 48. Rd7 {[%clk 0:00:29]} Qe5 {[%clk 0:00:23]} 49. Qxe5
{[%clk 0:00:31]} Rxe5 {[%clk 0:00:25]} 50. Rfd2 {[%clk 0:00:33]} Nf8
{[%clk 0:00:27]} 51. Ra7 {[%clk 0:00:35]} Re8 {[%clk 0:00:21]} 52. Rd6
{[%clk 0:00:36]} Ne6 {[%clk 0:00:22]} 53. Raa6 {[%clk 0:00:36]} Nf8
{[%clk 0:00:22]} 54. Kh3 {[%clk 0:00:36]} Rb8 {[%clk 0:00:23]} 55. Rdb6
{[%clk 0:00:38]} Re8 {[%clk 0:00:24]} 56. Ra3 {[%clk 0:00:40]} Ne6
{[%clk 0:00:22]} 57. Raa6 {[%clk 0:00:42]} Nf8 {[%clk 0:00:24]} 58. Rc6
{[%clk 0:00:44]} Rb8 {[%clk 0:00:24]} 59. Rab6 {[%clk 0:00:46]} Rxb6
{[%clk 0:00:17]} 60. Rxb6 {[%clk 0:00:48]} Kf7 {[%clk 0:00:19]} 61. g4
{[%clk 0:00:49]} Nd7 {[%clk 0:00:16]} 62. Rb7 {[%clk 0:00:51]} Ke6
{[%clk 0:00:18]} 63. gxf5+ {[%clk 0:00:52]} gxf5 {[%clk 0:00:21]} 64. Rxd7
{[%clk 0:00:54]} Kxd7 {[%clk 0:00:23]} 65. Kg3 {[%clk 0:00:56]} Ke6
{[%clk 0:00:25]} 66. Kf4 {[%clk 0:00:59]} c4 {[%clk 0:00:27]} 67. h5
{[%clk 0:01:01]} 1-0

[Event "dgcs"]
[Site "Ostrow Wielkopolski"]
[Date "2019.10.04"]
[Round "2.3"]
[White "Delega, Tomasz"]
[Black "Budrewicz, Krzysztof"]
[Result "0-1"]
[BlackElo "2336"]
[WhiteElo "2004"]
[LiveChessVersion "1.4.8"]

1. d4 {[%clk 0:10:05]} d6 {[%clk 0:10:02]} 2. e4 {[%clk 0:09:53]} Nf6
{[%clk 0:10:02]} 3. Nc3 {[%clk 0:09:55]} g6 {[%clk 0:10:02]} 4. Bg5
{[%clk 0:09:55]} Bg7 {[%clk 0:10:03]} 5. f4 {[%clk 0:09:45]} O-O {[%clk 0:09:40]}
6. Qd2 {[%clk 0:09:46]} c6 {[%clk 0:09:37]} 7. Bd3 {[%clk 0:09:42]} b5
{[%clk 0:09:36]} 8. Nf3 {[%clk 0:09:40]} a6 {[%clk 0:08:54]} 9. O-O
{[%clk 0:09:15]} c5 {[%clk 0:07:30]} 10. dxc5 {[%clk 0:08:36]} dxc5
{[%clk 0:07:31]} 11. e5 {[%clk 0:08:36]} Ne8 {[%clk 0:07:07]} 12. Be4
{[%clk 0:08:32]} Qxd2 {[%clk 0:07:05]} 13. Nxd2 {[%clk 0:08:33]} Ra7
{[%clk 0:07:06]} 14. a4 {[%clk 0:06:48]} f6 {[%clk 0:07:00]} 15. exf6
{[%clk 0:06:46]} exf6 {[%clk 0:06:39]} 16. Bh4 {[%clk 0:06:41]} b4
{[%clk 0:06:39]} 17. Bd5+ {[%clk 0:05:37]} Kh8 {[%clk 0:06:41]} 18. Nce4
{[%clk 0:05:12]} Nc7 {[%clk 0:05:10]} 19. Bb3 {[%clk 0:04:48]} Nc6
{[%clk 0:04:48]} 20. Nxc5 {[%clk 0:04:36]} Nd4 {[%clk 0:04:46]} 21. Rfe1
{[%clk 0:03:48]} Nxb3 {[%clk 0:04:41]} 22. Ndxb3 {[%clk 0:03:40]} Nd5
{[%clk 0:04:29]} 23. Bg3 {[%clk 0:03:31]} f5 {[%clk 0:04:23]} 24. Rab1
{[%clk 0:03:29]} Rc7 {[%clk 0:04:11]} 25. Bf2 {[%clk 0:03:17]} Nxf4
{[%clk 0:04:01]} 26. Bg3 {[%clk 0:03:19]} g5 {[%clk 0:04:03]} 27. Rbd1
{[%clk 0:02:04]} Bxb2 {[%clk 0:03:53]} 28. h4 {[%clk 0:02:03]} h6
{[%clk 0:03:41]} 29. hxg5 {[%clk 0:02:05]} hxg5 {[%clk 0:03:42]} 30. Rd6
{[%clk 0:01:45]} Bc3 {[%clk 0:03:36]} 31. Bxf4 {[%clk 0:01:27]} Bxe1
{[%clk 0:03:17]} 32. Be5+ {[%clk 0:01:29]} Kh7 {[%clk 0:03:10]} 33. Rd1
{[%clk 0:01:26]} Rxc5 {[%clk 0:02:20]} 34. Nxc5 {[%clk 0:01:22]} Bc3
{[%clk 0:02:21]} 35. Bxc3 {[%clk 0:01:19]} bxc3 {[%clk 0:02:22]} 36. Rd3
{[%clk 0:01:19]} f4 {[%clk 0:02:16]} 37. Rxc3 {[%clk 0:01:17]} Kg6
{[%clk 0:02:15]} 38. Rb3 {[%clk 0:01:18]} Rf6 {[%clk 0:02:12]} 39. Rb8
{[%clk 0:01:16]} Rc6 {[%clk 0:02:12]} 40. Ne4 {[%clk 0:01:00]} Rxc2
{[%clk 0:02:11]} 41. Nd6 {[%clk 0:01:00]} Bg4 {[%clk 0:01:57]} 42. Rb6
{[%clk 0:01:01]} Be2 {[%clk 0:01:46]} 43. Nb5+ {[%clk 0:00:54]} Kh5
{[%clk 0:01:47]} 44. Nd4 {[%clk 0:00:56]} Rc1+ {[%clk 0:01:47]} 45. Kf2
{[%clk 0:00:58]} Bd3 {[%clk 0:01:43]} 46. Nf3 {[%clk 0:00:43]} Rf1# 0-1

[Event "dgcs"]
[Site "Ostrow Wielkopolski"]
[Date "2019.10.04"]
[Round "2.4"]
[White "Przybylski, Wojciech"]
[Black "Dixa, Stanislaw"]
[Result "1-0"]
[BlackElo "1587"]
[WhiteElo "2286"]
[LiveChessVersion "1.4.8"]

1. e4 {[%clk 0:10:03]} e5 {[%clk 0:10:03]} 2. Nf3 {[%clk 0:10:02]} Nf6
{[%clk 0:10:04]} 3. Nc3 {[%clk 0:09:53]} Nc6 {[%clk 0:10:06]} 4. Bb5
{[%clk 0:09:48]} d6 {[%clk 0:09:59]} 5. h3 {[%clk 0:09:39]} a6 {[%clk 0:09:45]}
6. Ba4 {[%clk 0:08:20]} Be7 {[%clk 0:09:30]} 7. O-O {[%clk 0:08:13]} O-O
{[%clk 0:09:31]} 8. Re1 {[%clk 0:07:50]} Nd4 {[%clk 0:09:14]} 9. d3
{[%clk 0:07:23]} b5 {[%clk 0:08:34]} 10. Bb3 {[%clk 0:07:23]} Nxb3
{[%clk 0:08:35]} 11. axb3 {[%clk 0:07:23]} Bb7 {[%clk 0:08:36]} 12. Bd2
{[%clk 0:06:19]} c5 {[%clk 0:07:08]} 13. Ne2 {[%clk 0:05:29]} Qc7
{[%clk 0:06:54]} 14. Ng3 {[%clk 0:05:21]} Rfe8 {[%clk 0:06:15]} 15. c4
{[%clk 0:05:16]} h6 {[%clk 0:05:48]} 16. Nh2 {[%clk 0:05:03]} Qb6
{[%clk 0:05:31]} 17. Nf5 {[%clk 0:04:40]} Bf8 {[%clk 0:05:32]} 18. Qf3
{[%clk 0:04:21]} Re6 {[%clk 0:04:40]} 19. Nf1 {[%clk 0:03:52]} bxc4
{[%clk 0:04:27]} 20. bxc4 {[%clk 0:03:54]} Nh7 {[%clk 0:03:35]} 21. Ba5
{[%clk 0:03:19]} Qc6 {[%clk 0:03:20]} 22. N1e3 {[%clk 0:03:20]} Ng5
{[%clk 0:03:12]} 23. Qe2 {[%clk 0:03:17]} Rf6 {[%clk 0:02:56]} 24. Nd5
{[%clk 0:03:12]} Rxf5 {[%clk 0:02:49]} 25. exf5 {[%clk 0:03:13]} Qd7
{[%clk 0:02:19]} 26. h4 {[%clk 0:02:43]} Nh7 {[%clk 0:02:03]} 27. Nb6
{[%clk 0:02:26]} Qxf5 {[%clk 0:02:01]} 28. Nxa8 {[%clk 0:02:19]} Bxa8
{[%clk 0:02:02]} 29. Bd2 {[%clk 0:02:11]} Bb7 {[%clk 0:01:53]} 30. b4
{[%clk 0:01:54]} Nf6 {[%clk 0:01:49]} 31. bxc5 {[%clk 0:01:22]} dxc5
{[%clk 0:01:52]} 32. Reb1 {[%clk 0:01:23]} Qd7 {[%clk 0:01:42]} 33. Rb6
{[%clk 0:01:13]} Ng4 {[%clk 0:01:19]} 34. Rab1 {[%clk 0:01:12]} Bc8
{[%clk 0:00:48]} 35. Rb8 {[%clk 0:01:12]} Bd6 {[%clk 0:00:33]} 36. Ra8
{[%clk 0:01:12]} Kh7 {[%clk 0:00:31]} 37. Qe4+ {[%clk 0:01:05]} f5
{[%clk 0:00:28]} 38. Qf3 {[%clk 0:00:48]} e4 {[%clk 0:00:20]} 39. dxe4
{[%clk 0:00:48]} Bh2+ {[%clk 0:00:18]} 40. Kf1 {[%clk 0:00:44]} Qxd2
{[%clk 0:00:20]} 41. Rxc8 {[%clk 0:00:40]} Bf4 {[%clk 0:00:06]} 42. Kg1
{[%clk 0:00:42]} h5 1-0

[Event "dgcs"]
[Site "Ostrow Wielkopolski"]
[Date "2019.10.04"]
[Round "2.6"]
[White "Pieczewski, Szymon"]
[Black "Lewandowski, Krzysztof"]
[Result "0-1"]
[BlackElo "2081"]
[WhiteElo "1744"]
[LiveChessVersion "1.4.8"]

1. e4 {[%clk 0:10:02]} Nf6 {[%clk 0:10:04]} 2. Nc3 {[%clk 0:10:03]} d5
{[%clk 0:10:04]} 3. exd5 {[%clk 0:10:02]} Nxd5 {[%clk 0:10:06]} 4. Nf3
{[%clk 0:10:03]} Bg4 {[%clk 0:10:02]} 5. Be2 {[%clk 0:10:05]} Nf4
{[%clk 0:09:58]} 6. O-O {[%clk 0:09:52]} Nxe2+ {[%clk 0:09:55]} 7. Qxe2
{[%clk 0:09:53]} Nc6 {[%clk 0:09:33]} 8. Qe4 {[%clk 0:09:42]} Qd7
{[%clk 0:09:25]} 9. d3 {[%clk 0:09:36]} Bf5 {[%clk 0:08:47]} 10. Qa4
{[%clk 0:09:21]} e6 {[%clk 0:08:36]} 11. Bf4 {[%clk 0:09:16]} Bd6
{[%clk 0:08:24]} 12. Rfe1 {[%clk 0:09:11]} O-O {[%clk 0:08:17]} 13. Bxd6
{[%clk 0:08:52]} cxd6 {[%clk 0:08:05]} 14. Nd4 {[%clk 0:08:40]} Bg6
{[%clk 0:08:00]} 15. Re3 {[%clk 0:08:25]} a6 {[%clk 0:07:42]} 16. Nde2
{[%clk 0:08:20]} d5 {[%clk 0:07:40]} 17. Rg3 {[%clk 0:08:05]} e5 {[%clk 0:07:25]}
18. Rd1 {[%clk 0:07:48]} f5 {[%clk 0:07:25]} 19. d4 {[%clk 0:07:40]} f4
{[%clk 0:07:23]} 20. Rh3 {[%clk 0:07:28]} f3 {[%clk 0:06:57]} 21. Rxf3
{[%clk 0:07:29]} Rxf3 {[%clk 0:06:58]} 22. gxf3 {[%clk 0:07:31]} e4
{[%clk 0:06:02]} 23. Ng3 {[%clk 0:07:04]} exf3 {[%clk 0:05:53]} 24. Kh1
{[%clk 0:06:24]} Re8 {[%clk 0:05:36]} 25. Qb3 {[%clk 0:06:25]} Bf7
{[%clk 0:05:23]} 26. Na4 {[%clk 0:06:06]} Nxd4 {[%clk 0:04:51]} 27. Qb4
{[%clk 0:05:41]} Qh3 {[%clk 0:04:31]} 28. Rg1 {[%clk 0:05:15]} Ne2
{[%clk 0:03:27]} 29. Nxe2 {[%clk 0:05:17]} fxe2 {[%clk 0:03:28]} 30. Qe1
{[%clk 0:05:18]} Qf3+ {[%clk 0:03:24]} 31. Rg2 {[%clk 0:05:20]} d4
{[%clk 0:03:24]} 32. Kg1 {[%clk 0:05:13]} Bd5 0-1